000 01702nam a2200325Ia 4500
001 74063
003 IT-RoPAU
008 130308s9999 xx 000 0 und d
040 _aIT-RoPAU
040 _cIT-RoPAU
041 _aITALIANO
100 _aPanzalis Carlo
100 _gCodice Aut. SPICS: 25251
245 _aDesktop Publishing-Guida pratica all'editoria individuale
245 _bDesktop Publishing-Guida Pratica all'editoria Individuale
250 _a1a ed.
260 _aMILANO
260 _bJackson
260 _c1988 [1° Ed.:1988 - Ed.Ling.Originale:1988]
300 _a"248 p. (prefazione: 8; testo: 240 [pagine: 0-0])"
500 _aNuovo Processo di Produzione Diventare Desktop Publisher grafica Editoriale e Desktop Publishing Elementi Base calcolo e Sviluppo del testo Impaginare col Personal Computer testo e grafica Elaborazione dei Testi software di impaginazione Pagemaker per L'Ambiente Macintosh Strumenti di Pagemaker Struttura della pubblicazione Finestra di Pagemaker Impaginare con Pagemaker immagini grafiche Stampa con Pagemaker Gestire I Documenti Ready set Go‚ 4.0Definizione della Gabbia revisione del testo Scontomare le figure Pagemaker per sistemi Ms dos Windows & Pagemaker Pagemaker per Pc Ventura Publisherinterfaccia utente di Ventura Parametri Standard Concetti Base Menu Laterale selettore delle Funzioni foglio Stile Marcatura Paragrafi dal video Alla Stampa integrazione Ms dos Apple Orientamento del Software
650 _aEDUCAZIONE ALL'INFORMATICA
650 _eCodice materia Spics: 4212
700 _aPaolini Adriana
700 _gCodice Aut. SPICS: 25277
942 _cBK
957 _71
999 _c68241
_d68241
999 _bSI
999 _g1